BCIS Occupancy cost report: offices (Record no. 115662)
[ view plain ]
| 000 -LEADER | |
|---|---|
| fixed length control field | 01636cam a22002535a 4500 |
| 001 - CONTROL NUMBER | |
| control field | L159073 |
| 008 - FIXED-LENGTH DATA ELEMENTS--GENERAL INFORMATION | |
| fixed length control field | 130116s2016 xxkad f 000 0 eng d |
| 020 ## - INTERNATIONAL STANDARD BOOK NUMBER | |
| International Standard Book Number | 9781907196522 |
| 035 ## - SYSTEM CONTROL NUMBER | |
| System control number | (Sirsi) u159073 |
| 041 0# - LANGUAGE CODE | |
| Language code of text/sound track or separate title | eng |
| 050 04 - LIBRARY OF CONGRESS CALL NUMBER | |
| Classification number | 690.24 $2 18 |
| 110 2# - MAIN ENTRY--CORPORATE NAME | |
| Corporate name or jurisdiction name as entry element | Building Cost Information Service |
| 9 (RLIN) | 1096 |
| 245 00 - TITLE STATEMENT | |
| Title | BCIS Occupancy cost report: offices |
| Remainder of title | Maintenance & operating costs |
| 260 ## - PUBLICATION, DISTRIBUTION, ETC. | |
| Place of publication, distribution, etc. | London |
| Name of publisher, distributor, etc. | BCIS |
| Date of publication, distribution, etc. | 2016 |
| 300 ## - PHYSICAL DESCRIPTION | |
| Extent | 80p. |
| Dimensions | 30cm. |
| 490 #0 - SERIES STATEMENT | |
| Series statement | BCIS Special Report |
| 520 ## - SUMMARY, ETC. | |
| Summary, etc. | Provides current occupancy benchmarks for two different types of office. It shows the projected annual occupancy costs for two projects, which should provide a strategic benchmark for similar buildings. The data is backed up with projected annual expenditure charts and detailed estimates for individual elements and components. With the introduction of the CDM Regulations in 1994, it became necessary for the contractor to hand over to the client, on completion of the contract, a complete Health and Safety file. The file should contain full operational and maintenance instructions and procedures for all elements of the building. Using this file, it should now be simpler for building occupiers to predict the likely maintenance and occupancy costs over the life of the building. This report shows how, through the receipt of this file, or following a condition survey on an existing building, a building manager can plan for future occupancy costs. |
| 521 ## - TARGET AUDIENCE NOTE | |
| Target audience note | Advanced |
| 650 ## - SUBJECT ADDED ENTRY--TOPICAL TERM | |
| Topical term or geographic name entry element | OFFICES |
| 651 #4 - SUBJECT ADDED ENTRY--GEOGRAPHIC NAME | |
| Geographic name | United Kingdom |
| Chronological subdivision | |
| 690 ## - LOCAL SUBJECT ADDED ENTRY--TOPICAL TERM (OCLC, RLIN) | |
| Topical term or geographic name as entry element | Commercial property |
| 9 (RLIN) | 6227 |
| 690 ## - LOCAL SUBJECT ADDED ENTRY--TOPICAL TERM (OCLC, RLIN) | |
| Topical term or geographic name as entry element | Facilities management |
| 9 (RLIN) | 6240 |
| 942 ## - ADDED ENTRY ELEMENTS (KOHA) | |
| Suppress in OPAC | 0 |
| Withdrawn status | Lost status | Source of classification or shelving scheme | Damaged status | Not for loan | Home library | Current library | Shelving location | Date acquired | Total Checkouts | Full call number | Barcode | Date last seen | Copy number | Price effective from | Koha item type |
|---|---|---|---|---|---|---|---|---|---|---|---|---|---|---|---|
| Dewey Decimal Classification | London | London | BCIS/BMI publications | 11/01/2016 | ENQUIRY DESK | 30078831 | 06/08/2019 | 1 | 06/08/2019 | Reference material |